► 'Holy Grail' or 'Life of Brian' (slideshow) Quiz Stats

 Plays Quiz not verified by Sporcle

Score 0/32 Timer 05:00
0 Plays Today
% Correct
Holy Grail - The Knights of the Round Table
99.1%
Life of Brian - Right of every man...or woman
94.8%
Life of Brian - Romani Ite Domum
94.7%
Holy Grail - If she weighs the same as a duck, she's made of wood
94.6%
Holy Grail - None shall pass
94.6%
Holy Grail - What happens now?
93.8%
Life of Brian - The shoe is the sign
93%
Holy Grail - We are the Knights Who Say... 'Ni'
92.7%
Life of Brian - Eighteen years of total silence
92.6%
Life of Brian - Saturday Afternoon
92.4%
Life of Brian - Are there any women here today
92.4%
Life of Brian - Thvow him to the floor
92.1%
Life of Brian - Intro
91.6%
Life of Brian - He's not the Messiah, He's a very naughty boy
91.6%
Life of Brian - Bright Side of Life
91.5%
Life of Brian - What have the Romans ever done for us
91.3%
% Correct
Holy Grail - Sir Not-Appearing-In-This-Film
90.7%
Holy Grail - We're an anarcho-syndicalist commune
90.4%
Life of Brian - The things possessed by their fathers
90.1%
Holy Grail - There are some who call me... Tim
90.1%
Life of Brian - He's deaf and mmmmmmad, sir
88.5%
Holy Grail - All right, sonny. That's enough. Just pack that in.
88.1%
Holy Grail - Welcome to the Castle Anthrax
87.8%
Holy Grail - Three shalt be the number thou shalt count
84.9%
Holy Grail - A Møøse once bit my sister
84.2%
Holy Grail - Frank!
83.9%
Life of Brian - There's people waiting to be crucified out here
83.1%
Holy Grail - One thing I can't stand, it's people groveling
83%
Holy Grail - Uhh, can he leave the room with us
82.3%
Holy Grail - Legendary Black Beast of Aaauugh
81.7%
Life of Brian - Suicide squad attack
80.7%
Life of Brian - Gcachi dzhula grchaba
80.4%

You're not logged in!

Compare scores with friends on all Sporcle quizzes.
OR
Log In

Show Comments

Extras

Top Quizzes Today


Score Distribution

Your Account Isn't Verified!

In order to create a playlist on Sporcle, you need to verify the email address you used during registration. Go to your Sporcle Settings to finish the process.

Report this User

Report this user for behavior that violates our Community Guidelines.

Details: